Statistiques concernant France vs Royaume-Unis

Cliquez ici pour prendre le quiz!

Statistiques générales

  • Ce quiz a été pris 95 fois
  • Le résultat moyen est 8 sur 10

Statistiques - réponses

QuestionRéponse% Correct
Gastronomie :France
96%
ModeFrance
91%
PaysageFrance
90%
Condition météoFrance
88%
Superficie :France
80%
Santé :France
78%
Taux de chômage le moins élevéRoyaume-Unis
71%
Population :France
70%
PIB par habitantRoyaume-Unis
63%
PIB :Royaume-Unis
58%

Distribution des résultats

Percentile par nombre de réponses

% des personnes avec chaque résultat

Votre développement - résultats

Vous n’avez pas pris ce quiz